Matematičeskije modeli analiza i optimizacii uprugoplastičeskich sistem

Salvato in:
Dettagli Bibliografici
Autore principale: Čyras, Aleksandras
Natura: Libro
Lingua:russo
Pubblicazione: Vil'njus Mokslas 1982
Tags: Aggiungi Tag
Nessun Tag, puoi essere il primo ad aggiungerne!!

MARC

LEADER 00000nam a2200000 4500
001 c134750
005 20041019155302.1
041 0 |a rus 
044 |a LT 
245 1 0 |a Matematičeskije modeli analiza i optimizacii uprugoplastičeskich sistem  |c Aleksandras Čyras 
264 1 |a Vil'njus  |b Mokslas  |c 1982 
300 |a 111 s. 
100 1 |a Čyras, Aleksandras